| 000 | 01567nam a2200337 i 4500 | ||
|---|---|---|---|
| 003 | EG-ScBUE | ||
| 005 | 20240221120625.0 | ||
| 008 | 090825s2008 ua ab af b 000 0 ara d | ||
| 017 | _a2008 / 5921 | ||
| 020 | _a9789770923523 | ||
| 040 |
_aEG-ScBUE _bara _erda _cEG-ScBUE _dEG-ScBUE |
||
| 043 |
_af-ua--- _aa-is--- |
||
| 082 | 0 | 4 |
_222 _a320.120962 _bخ ش ب |
| 100 | 1 |
_98598 _aخشاب، ألفت أحمد، _eمؤلف. |
|
| 245 | 1 | 0 |
_aتاريخ تطور حدود مصر : _bوتأثيره على الأمن القومي المصر 1892- 1988 / _cألفت أحمد الخشاب. |
| 246 | 3 | 4 |
_aتاريخ تطور حدود مصر الشرقية : _bوتأثيره على الأمن القومي المصري 1892- 1988 |
| 246 | 3 |
_aتاريخ تطور حدود مصر : _bوتأثيره على الأمن القومي المصري 1892- 1988 |
|
| 250 | _aالطبعة الأولى. | ||
| 264 | 1 |
_aالقاهرة : _bدار الشروق، _c2008. |
|
| 300 |
_a533 صفحة : _bإيضاحيات، خرائط ؛ _c26 سم |
||
| 336 |
_2rdacontent _aنص _btxt |
||
| 337 |
_aبدون وسيط _2rdamedia _bn |
||
| 338 |
_aمجلد _bnc _2rdacarrier |
||
| 500 | _aيشتمل على ملحق خرائط من 515 - 522 صفحة. | ||
| 504 | _aيشتمل على إرجاعات ببليوجرافية. | ||
| 651 | 7 |
_98006 _aمصر _xحدود سياسية. _2BUEsh |
|
| 651 | 7 |
_aمصر _xعلاقات خارجية _zإسرائيل. _2BUEsh |
|
| 651 | 7 |
_aإسرائيل _xعلاقات خارجية _zمصر. _2BUEsh |
|
| 655 | _vReading book | ||
| 942 |
_2ddc _cBB |
||
| 999 |
_c12686 _d12686 |
||